| 000 | 01165cam a22003137a 4500 | ||
|---|---|---|---|
| 003 | CHAP | ||
| 005 | 20220329135050.0 | ||
| 008 | 971013s1984 r 00010 d | ||
| 010 | _a30366 | ||
| 011 | _a31338 | ||
| 035 | _a35450 | ||
| 040 | _cCHAP | ||
| 082 |
_a382.1 _bC6 |
||
| 100 | 0 | 0 |
_aCorona Rentería, Alfonso. _928124 |
| 245 | 0 | _aImpactos regionales de las relaciones económicas México - Estados Unidos | |
| 260 |
_aMéxico, D.F. : _bEl Colegio de México, _c1984 |
||
| 300 | _a507 p. | ||
| 590 |
_aBATCH-UPD _b10 _c20130110 _lUCH01 _h2038 |
||
| 590 |
_aBATCH-UPD _b10 _c20130410 _lUCH01 _h1353 |
||
| 590 |
_aBATCH-UPD _b10 _c20130914 _lUCH01 _h1050 |
||
| 590 |
_aCONVERSION _b10 _c20130109 _lUCH01 _h1317 |
||
| 650 | 1 | 4 |
_aE.U.A. _xRelaciones exteriores _xMéxico. _934848 |
| 650 | 1 | 4 |
_aMéxico _xRelaciones exteriores _xE.U.A. _976792 |
| 650 | 1 | 4 |
_aRelaciones económicas internacionales. _995813 |
| 711 | 0 |
_aEncuentro sobre Impactos Regionales de las Relaciones Económicas México-Estados Unidos _d(1981 : _cMéxico, D.F.) _936838 |
|
| 901 | _aBK | ||
| 942 | _cLIBRO | ||
| 949 |
_a382.1 C6 _bBC _cLIBRO _d33724000432167 _eLIBRO _gI. c/e _h69650 _i35450 _si _t3630.00 |
||
| 999 |
_c30366 _d30366 |
||